000 00601nam a22001937a 4500
005 20150626103841.0
010 _aENG-112908
020 _c625.00
_a9788181523129
035 _aEN-96440
037 _bDBAD/PUB
082 _a158.1
100 _aRao, M.S.
245 _aSage advice for students and educators :
_cby M.S. Rao
_bstay inspired /
260 _aJaipur
_bBook Enclave
_c2013
270 _a F-11, S.S. Tower, Dhamani Street, Chaura Rasta,
_bJaipur
_e302003
300 _a160p.
_c22cm(Hb)
500 _aIncludes bibliographical references
942 _2ddc
_cEN
_mRAO
_h158.1
999 _c93357
_d93357